000
00345nam a2200145Ia 4500
008
230605s1998 xx 000 0 und d
041
_a
eng
100
_a
Ojugo C.
245
_a
Practical Food & Beverage cost control
260
_b
Dclmar pub.
_c
1998
300
_a
404p
520
_a
Hard Board
520
_a
Reference Copy
650
_a
F.Pro
999
_c
420789
_d
420789